Players Championship 2021 (Darts) - Statistiken

Allgemein
  • Dieses Quiz wurde 210 mal gespielt
  • Das Durchschnittsergebnis liegt bei 24 aus 30
Antwortstatistiken
Turnier Sieger Nationalität % Korrekt
29 Michael van Gerwen Niederlande
99%
8 Peter Wright Schottland
98%
16 Peter Wright Schottland
98%
20 Peter Wright Schottland
98%
23 Peter Wright Schottland
98%
12 Dimitri Van den Bergh Belgien
97%
24 Dimitri Van den Bergh Belgien
97%
6 Gerwyn Price Wales
97%
21 Gerwyn Price Wales
97%
9 José de Sousa Portugal
94%
14 José de Sousa Portugal
94%
15 José de Sousa Portugal
94%
4 Jonny Clayton Wales
93%
7 Jonny Clayton Wales
93%
10 Michael Smith England
93%
27 Michael Smith England
93%
19 Ross Smith England
92%
30 Krzysztof Ratajski Polen
90%
5 Brendan Dolan Nordirland
82%
1 Joe Cullen England
77%
13 Joe Cullen England
77%
3 Raymond van Barneveld Niederlande
77%
26 Rob Cross England
75%
11 Dirk van Duijvenbode Niederlande
70%
18 Chris Dobey England
51%
28 Chris Dobey England
51%
22 Ryan Searle England
50%
17 Stephen Bunting England
41%
2 Callan Rydz England
37%
25 Callan Rydz England
37%
Keine übereinstimmenden Quizze gefunden
Verteilung der Resultate
Anzahl Personen mit jedem Resultat
Perzentil nach korrekt beantworteten Fragen
Ihre Resultats-Entwicklung
Sie haben dieses Quiz noch nicht gespielt